000 00311nam a22001337a 4500
008 250304b |||||||| |||| 00| 0 eng d
020 _a1870941098
050 _aHD1393
_b.C65
100 _aCOLE, G. A
245 _aACCA Study and Revision Manual
260 _aLondon
_bCopyright
300 _a384p.
942 _cBK
999 _c2055
_d2055